History of South East Asia : (Record no. 579921)

MARC details
000 -LEADER
fixed length control field 00455nam a2200193 a 4500
001 - CONTROL NUMBER
control field 1754829520947
003 - CONTROL NUMBER IDENTIFIER
control field ACL
005 - DATE AND TIME OF LATEST TRANSACTION
control field 20250810181101.0
008 - FIXED-LENGTH DATA ELEMENTS--GENERAL INFORMATION
fixed length control field 250810s2018##################000#0#eng##
020 ## - INTERNATIONAL STANDARD BOOK NUMBER
International Standard Book Number 9789382974994
082 04 - DEWEY DECIMAL CLASSIFICATION NUMBER
Classification number 959
Item number PRA
040 ## - CATALOGING SOURCE
Original cataloging agency ACL
Language of cataloging eng
Transcribing agency ACL
100 1# - MAIN ENTRY--PERSONAL NAME
Personal name Singh, Pragya,
Relator term author.
245 10 - TITLE STATEMENT
Title History of South East Asia :
260 ## - PUBLICATION, DISTRIBUTION, ETC.
Date of publication, distribution, etc. 2018.
300 ## - PHYSICAL DESCRIPTION
Extent 320 pages
650 #0 - SUBJECT ADDED ENTRY--TOPICAL TERM
Topical term or geographic name entry element Southeast Asia.
942 ## - ADDED ENTRY ELEMENTS (KOHA)
Koha item type English Books
Holdings
Withdrawn status Lost status Damaged status Not for loan Home library Current library Shelving location Date acquired Total Checkouts Full call number Barcode Date last seen Price effective from Koha item type
        Anna Centenary Library Anna Centenary Library 7TH FLOOR, B WING 10.08.2025   959 PRA 609510 10.08.2025 10.08.2025 English Books

Find us on the map